Data and reality : basic assumptions in data processing reconsidered /
Guardado en:
| Autor Principal: | |
|---|---|
| Formato: | Libro |
| Idioma: | English |
| Publicado: |
Amsterdam :
North-Holland,
1978.
|
| Materias: | |
| Etiquetas: |
Agregar Etiqueta
Sin Etiquetas, Sea el primero en etiquetar este registro!
|
| LEADER | 00670cam a2200205 a 4500 | ||
|---|---|---|---|
| 001 | MAT.inmabb004538 | ||
| 008 | 780526s1978####ne#a#####b####000#0#eng## | ||
| 005 | 20130406173908.0 | ||
| 245 | 1 | 0 | |a Data and reality : |b basic assumptions in data processing reconsidered / |c William Kent. |
| 260 | |a Amsterdam : |b North-Holland, |c 1978. | ||
| 300 | |a xv, 211 p. : |b il. ; |c 23 cm. | ||
| 504 | |a Bibliografía: p. 205-211. | ||
| 020 | |a 0444851879 | ||
| 100 | 1 | |a Kent, William, |d 1936- | |
| 084 | |a 68Pxx |2 msc2000 | ||
| 650 | 0 | |a Database management. | |
| 650 | 0 | |a Data structures (Computer science) | |
| 010 | |a 78019130 | ||
| 040 | |a DLC |c DLC |d DLC | ||
| 859 | |h 68 |i K37 |p A-6183 |b BIB. MATEMATICA | ||
